| 000 | 00684nam a2200205Ia 4500 | ||
|---|---|---|---|
| 003 | GCL | ||
| 008 | 140319s9999 xx 000 0 ara d | ||
| 040 |
_aGCL / _cGCL |
||
| 082 | 0 | 4 |
_a620.82 _bد ت |
| 245 | 1 | 0 | _aالتكنولوجيا الحيوية البيئية |
| 260 |
_aالقاهرة : _bاكاديمية البحث العلمى والتكنولوجيا |
||
| 300 |
_aمتعدد ؛ _c24 سم |
||
| 650 | 0 | 4 | _aتلوث البيئة |
| 650 | 0 | 4 | _aتلوث المياه |
| 650 | 0 | 4 | _aالبلاستيك |
| 650 | 0 | 4 | _aالنفايات |
| 650 | 0 | 4 | _aالصرف الصحى - معالجة بيولوجية |
| 650 | 0 | 4 | _aالتكنولوجيا الحيوية |
| 942 |
_2ddc _cBK |
||
| 999 |
_c33113 _d33113 |
||